[Event "Belgrade-chT"]
[Site "Belgrade"]
[Date "2019.09.29"]
[Round "7.4"]
[White "Stanimirovic, Bosko"]
[Black "Bilbija, Zoran"]
[Result "1/2-1/2"]
[WhiteElo "2057"]
[BlackElo "2122"]
[PlyCount "95"]
[EventDate "2019.09.23"]
[EventType "team-tourn"]
[EventRounds "11"]
[EventCountry "SRB"]
[SourceTitle "EXT 2020"]
[Source "ChessBase"]
[SourceDate "2019.10.17"]
[SourceVersion "1"]
[SourceVersionDate "2019.10.17"]
[SourceQuality "1"]
[WhiteTeam "Crvena Zvezda"]
[BlackTeam "Grocka"]
[WhiteTeamCountry "SRB"]
[BlackTeamCountry "SRB"]

1. d4 d5 2. Nf3 Nf6 3. g3 c6 4. Bg2 Bg4 5. Ne5 Bh5 6. 0-0 e6 7. c4 Be7 8. Nc3 0-0 9. Qb3 Qb6 10. c5 Qxb3 11. axb3 Nbd7 12. Bf3 Bxf3 13. Nxf3 Rfe8 14. b4 Ne4 15. Nxe4 dxe4 16. Nd2 f5 17. Nc4 Nf6 18. Na5 Nd5 19. Nxb7 Nxb4 20. Bf4 Bf6 21. Ra4 Nd5 22. Bd6 e3 23. Rfa1 g5 24. fxe3 Nxe3 25. Be5 Bxe5 26. dxe5 Re7 27. Na5 Rc8 28. Nb3 Rcc7 29. h3 Kf7 30. Kf2 Nd5 31. Nd4 Red7 32. Rc4 Ne7 33. g4 f4 34. Kf3 Rd5 35. Ke4 h6 36. Ra6 Rcd7 37. Nxc6 Rd2 38. Kf3 Rxb2 39. Rd4 Rb3+ 40. Kf2 Nd5 41. Rxa7 Rxa7 42. Nxa7 Rc3 43. c6 Ke8 44. Rd3 Rc5 45. Rb3 Rc1 46. Rb8+ Kf7 47. Rb7+ Kg6 48. Rd7 1/2-1/2

[Event "Belgrade-chT Premier"]
[Site "Belgrade"]
[Date "2017.09.23"]
[Round "5.2"]
[White "Bilbija, Zoran"]
[Black "Matejic, Zoran"]
[Result "1/2-1/2"]
[WhiteElo "2088"]
[BlackElo "2047"]
[PlyCount "92"]
[EventDate "2017.09.18"]
[EventType "team"]
[EventRounds "9"]
[EventCountry "SRB"]
[SourceTitle "CBM 180 Extra"]
[Source "ChessBase"]
[SourceDate "2017.10.06"]
[SourceVersion "1"]
[SourceVersionDate "2017.10.06"]
[SourceQuality "1"]
[WhiteTeam "Grocka"]
[BlackTeam "Belgrade Partizan"]
[WhiteTeamCountry "SRB"]
[BlackTeamCountry "SRB"]

1. d4 Nf6 2. Nf3 c5 3. c3 cxd4 4. cxd4 g6 5. Nc3 Bg7 6. e4 0-0 7. Bc4 Nxe4 8. Bxf7+ Rxf7 9. Nxe4 d5 10. Neg5 Rf5 11. Qe2 Qd6 12. 0-0 h6 13. Nh3 Nc6 14. Qd3 Rxf3 15. Qxf3 Nxd4 16. Qd1 Bxh3 17. Bxh6 Bxh6 18. Qxd4 Bg7 19. Qd2 Bd7 20. Rad1 Bc6 21. Rfe1 e5 22. Re4 Qe6 23. Rh4 Rf8 24. Rh3 Rf5 25. a4 d4 26. b4 Bxa4 27. Ra1 Bc6 28. Rxa7 Qd5 29. Rg3 Kf7 30. Ra5 Qe6 31. b5 Bd5 32. Qc2 Qd7 33. Ra8 Bf8 34. Rh3 Rh5 35. Rxh5 gxh5 36. Qh7+ Bg7 37. Qxh5+ Ke7 38. Qg6 Bf6 39. h4 Bf7 40. Qe4 Qxb5 41. Rb8 Bd5 42. Qh7+ Bf7 43. Qe4 Bd5 44. Qh7+ Bf7 45. Qe4 Bd5 46. Qh7+ Bf7 1/2-1/2

[Event "Belgrade tt Cup"]
[Site "Belgrade"]
[Date "2003.04.08"]
[Round "5"]
[White "Bilbija, Zoran"]
[Black "Djordjevic, Slobodan"]
[Result "1-0"]
[WhiteElo "2093"]
[BlackElo "2234"]
[PlyCount "73"]
[EventDate "2003.04.04"]
[EventType "team"]
[EventRounds "5"]
[EventCountry "YUG"]
[SourceTitle "CBM 093 Extra"]
[Source "ChessBase"]
[SourceDate "2003.05.09"]
[SourceVersion "1"]
[SourceVersionDate "2003.05.09"]
[SourceQuality "1"]

1. d4 Nf6 2. c4 e6 3. Nf3 d5 4. e3 Be7 5. Nc3 0-0 6. Bd3 Nbd7 7. 0-0 b6 8. b3 Bb7 9. Nd2 c5 10. Bb2 cxd4 11. exd4 Re8 12. Re1 Bf8 13. Nf3 Rc8 14. Ne5 g6 15. Qe2 Nh5 16. g3 Ng7 17. Rad1 Nf6 18. Bc2 Qc7 19. h3 Red8 20. Rc1 Ba6 21. Qf3 Qe7 22. cxd5 Nxd5 23. Nxd5 Rxd5 24. Be4 Ra5 25. Rxc8 Bxc8 26. Nc6 Qg5 27. Nxa5 Qxa5 28. Rc1 Ba6 29. h4 Qd2 30. Qc3 Qh6 31. Kh2 Ne8 32. Bf3 Be7 33. Re1 Qf8 34. Qe3 Bf6 35. Qd2 Qg7 36. Qf4 Qf8 37. Bc6 1-0